| 000 | 02176nam a2200421 a 4500 | ||
|---|---|---|---|
| 001 | 00164 | ||
| 003 | DO-SdBNP | ||
| 005 | 20180313123018.0 | ||
| 007 | 00164 | ||
| 008 | 150130s2001 dr 2001 000 0 spa d | ||
| 020 | _a8482613383 | ||
| 040 |
_aBPMSU _bspa _cBPMSU |
||
| 082 |
_a373.7 _bM425e 1ro 2001 |
||
| 092 | _a | ||
| 245 | 1 | 0 |
_aMatemáticas 1: _b[educación media] / _cOrelvis Féliz... [et. al.] ; editor Andrés Molina Maloon. |
| 260 |
_aSanto Domingo : _bSantillana, _c2001. |
||
| 300 |
_a279 p. : _bil., retrs. ; _c28 cm. |
||
| 490 | 1 | _aUmbral | |
| 500 | _aPrimero de bachillerato. - 1er. curso/Primer Ciclo | ||
| 505 | 1 |
_tUnidad 1. - Lógica simbólica -- _tUnidad 2. - Teoría de conjuntos -- _tUnidad 3 - Operaciones conjuntistas -- _tProyecto: El crecimiento de las plantas, la humedad y la luz (I) -- _tUnidad 4. - Introducción al álgrebra -- _tUnidad 5.- Operaciones algebraicas -- _tUnidad 6.- Factorización de polinomios -- _tUnidad 7.- Ecuaciones de primer grado -- _tUnidad 8.- Inecuaciones -- _tProyecto: El crecimiento de las plantas, la humedad y la luz (II) -- _tUnidad 9.- Intervalos -- _tUnidad 10 .- Fracciones algebraicas -- _tProyecto: ¿Cómo rebota una bola? (I) -- _tUnidad 11 .- Los números complejos -- _tUnidad 12.- Ecuaciones cuadráticas -- _tUnidad 13.- Proporcionalidad y semejanza -- _tUnidad 14. -Ángulos. Medidas angulares -- _tUnidad 15. -Geometría del espacio -- _tUnidad 16 .- Estadística y probabilidades -- |
|
| 650 | 4 |
_aMATEMÁTICAS _xESTUDIOS Y EJERCICIOS |
|
| 650 | 4 |
_aEDUCACIÓN SECUNDARIA _zREPÚBLICA DOMINICANA |
|
| 650 | 4 |
_aEDUCACIÓN SECUNDARIA _xLIBROS DE TEXTOS |
|
| 650 | 4 |
_aMATEMÁTICAS _xEDUCACIÓN SECUNDARIA |
|
| 700 | 1 | _aFéliz, Orelvis | |
| 700 | 1 | _aLaurens, Ramón | |
| 700 | 1 | _aToribio, César | |
| 700 | 1 | _aCueto, Ramón | |
| 700 | 1 | 2 |
_aNúñez, Ruddy, _eil. |
| 700 | 1 |
_aGarcía de Escobar, Obdulia _eed. |
|
| 700 | 1 | 2 |
_aMolina Maloon, Andrés, _eed. |
| 830 | 0 | _aUmbral | |
| 910 | _aValidado. Control de calidad MFF | ||
| 942 |
_2ddc _cBK |
||
| 945 | _aInventariado, 2018 /LP | ||
| 956 |
_aVMATEO _b10 _c20150717 _lBPMSU _h00151 |
||
| 956 |
_aBTAVÁREZ _b10 _c20160407 _lBPMSU _h00164 |
||
| 999 |
_c7973 _d7973 |
||